000
00202nam a2200085 4500
001
1239756
005
20251008104400.0
245
_a
IŞIK DOĞRUDAN GELİR
_c
CEMİL MERİÇ
260
_b
İLETİŞİM YAYINLARI
999
_c
1239756
_d
1239756